[Event "18.Open Seefeld"]
[Site "Seefeld / Oesterreich"]
[Date "2007.09.04"]
[Round "4"]
[White "Kircher, Werner"]
[Black "Babinetz, Rainer"]
[Result "0-1"]
[WhiteElo "1944"]
[BlackElo "2139"]
[PlyCount "70"]
[EventDate "2007.09.01"]
[EventType "swiss"]
[EventRounds "9"]
[EventCountry "AUT"]

1. d4 d5 2. c4 e5 3. dxe5 d4 4. Nf3 Nc6 5. g3 Be6 6. Nbd2 Qd7 7. Bg2 O-O-O 8.
O-O Nge7 9. a3 Ng6 10. b4 Ncxe5 11. Bb2 h5 12. h4 Be7 13. Bxd4 Nc6 14. Be3 Bh3
15. Qa4 Bxg2 16. Kxg2 Nxh4+ 17. Nxh4 Bxh4 18. b5 Nb8 19. Nf3 Bf6 20. Rad1 Qg4
21. Rxd8+ Rxd8 22. Qxa7 h4 23. Qc5 hxg3 24. fxg3 Qe4 25. Bf4 Qxe2+ 26. Rf2 Qe7
27. Qf5+ Qd7 28. Qxd7+ Nxd7 29. Rd2 Re8 30. Kf2 Nc5 31. Rc2 g5 32. Bc1 Nd3+ 33.
Kf1 g4 34. Bg5 gxf3 35. Bxf6 Re1# 0-1

[Event "18.Open Seefeld"]
[Site "Seefeld / Oesterreich"]
[Date "2007.09.04"]
[Round "4"]
[White "Schnegg, Martin"]
[Black "Niebergall, Gerhard"]
[Result "1/2-1/2"]
[WhiteElo "1931"]
[BlackElo "2136"]
[PlyCount "47"]
[EventDate "2007.09.01"]
[EventType "swiss"]
[EventRounds "9"]
[EventCountry "AUT"]

1. e4 c5 2. Nf3 g6 3. d4 cxd4 4. Nxd4 Nc6 5. Be3 Nf6 6. Nc3 Bg7 7. Nb3 O-O 8.
Be2 d6 9. O-O a5 10. a4 Be6 11. Nd4 Nxd4 12. Bxd4 Nd7 13. Bxg7 Kxg7 14. Bg4
Bxg4 15. Qxg4 Nf6 16. Qe2 Qb6 17. Ra3 Qa6 18. e5 Nd7 19. exd6 Qxe2 20. Nxe2
exd6 21. Rd1 Rfe8 22. Kf1 Rac8 23. Rc3 Nc5 24. Ra3 1/2-1/2

[Event "18.Open Seefeld"]
[Site "Seefeld / Oesterreich"]
[Date "2007.09.04"]
[Round "4"]
[White "Mueller, Helmut"]
[Black "Gerhards, Walter"]
[Result "1-0"]
[WhiteElo "2077"]
[BlackElo "1947"]
[PlyCount "91"]
[EventDate "2007.09.01"]
[EventType "swiss"]
[EventRounds "9"]
[EventCountry "AUT"]

1. Nf3 Nf6 2. g3 c5 3. c4 Nc6 4. Nc3 d6 5. Bg2 Be6 6. b3 g6 7. Bb2 Bg7 8. O-O
O-O 9. e3 Qc8 10. d4 Bg4 11. Qd2 Rd8 12. d5 Nb4 13. a3 Na6 14. Rfe1 Nc7 15. e4
a6 16. a4 Rb8 17. Qc2 b5 18. Nd2 e5 19. axb5 axb5 20. f3 Bd7 21. Ra2 Nh5 22.
cxb5 Nxb5 23. Nxb5 Rxb5 24. Bf1 Rb8 25. Bc3 f5 26. Ba6 Rb7 27. Nc4 Bb5 28. Bxb7
Qxb7 29. Ba5 Rd7 30. Rea1 Bf8 31. Bd2 fxe4 32. fxe4 Rf7 33. Ra8 Qe7 34. Bh6 Nf6
35. Bxf8 Rxf8 36. R1a7 Bd7 37. Nb6 Rxa8 38. Rxa8+ Be8 39. Nc4 Qb7 40. Qa2 Nxe4
41. Rxe8+ Kf7 42. Qa8 Qxb3 43. Rf8+ Kg7 44. Rf1 Kh6 45. Qf8+ Kg5 46. Qe7+ 1-0

[Event "18.Open Seefeld"]
[Site "Seefeld / Oesterreich"]
[Date "2007.09.04"]
[Round "4"]
[White "Schwammberger, Eugen"]
[Black "Kiechl, Stefan"]
[Result "1-0"]
[WhiteElo "2066"]
[BlackElo "1912"]
[PlyCount "93"]
[EventDate "2007.09.01"]
[EventType "swiss"]
[EventRounds "9"]
[EventCountry "AUT"]

1. d4 Nf6 2. g3 g6 3. Bg2 Bg7 4. Nf3 O-O 5. b3 d6 6. Bb2 c6 7. O-O Qc7 8. Nbd2
Nbd7 9. c4 e5 10. Qc2 exd4 11. Nxd4 Re8 12. e3 Ne5 13. Rac1 Rb8 14. h3 Nh5 15.
Rfd1 f5 16. Ne2 Qe7 17. Nf3 Be6 18. Ba3 c5 19. Bb2 Rbd8 20. Rd2 Rd7 21. Rcd1
Red8 22. h4 Ng4 23. Ng5 Nhf6 24. Nf4 Bf7 25. Nxf7 Kxf7 26. Nd5 Nxd5 27. Bxd5+
Kf8 28. Bxg7+ Qxg7 29. Qd3 Ne5 30. Qf1 h6 31. Qg2 Qe7 32. e4 Ng4 33. Qf3 Qf6
34. exf5 Ne5 35. Qf4 gxf5 36. Bg2 Ng4 37. Re2 Ne5 38. Bh3 Rf7 39. Red2 Kg7 40.
Kh1 h5 41. Bf1 Ng6 42. Qf3 f4 43. Bg2 Qe5 44. Rd5 fxg3 45. Qxg3 Qf4 46. Rg5 Rf6
47. Rxg6+ 1-0

[Event "18.Open Seefeld"]
[Site "Seefeld / Oesterreich"]
[Date "2007.09.04"]
[Round "4"]
[White "Allgaier, Erik"]
[Black "Straesser, Gerda"]
[Result "1-0"]
[WhiteElo "2060"]
[BlackElo "1828"]
[PlyCount "33"]
[EventDate "2007.09.01"]
[EventType "swiss"]
[EventRounds "9"]
[EventCountry "AUT"]

1. Nf3 d5 2. d4 Nf6 3. e3 e6 4. Bd3 Be7 5. Nbd2 Nbd7 6. O-O O-O 7. c3 c5 8. Re1
Re8 9. e4 dxe4 10. Nxe4 Nxe4 11. Rxe4 Nf6 12. Rh4 g6 13. Ng5 h5 14. g4 Nxg4 15.
Rxg4 hxg4 16. Qxg4 e5 17. Qh4 1-0

[Event "18.Open Seefeld"]
[Site "Seefeld / Oesterreich"]
[Date "2007.09.04"]
[Round "4"]
[White "Aigner, Georg"]
[Black "Klein, Reinhard"]
[Result "1-0"]
[WhiteElo "2033"]
[BlackElo "1870"]
[PlyCount "63"]
[EventDate "2007.09.01"]
[EventType "swiss"]
[EventRounds "9"]
[EventCountry "AUT"]

1. e4 c5 2. Nf3 Nc6 3. d4 cxd4 4. Nxd4 g6 5. Be3 Bg7 6. Be2 Nf6 7. Nc3 O-O 8.
Qd2 d5 9. O-O-O dxe4 10. Kb1 Bd7 11. Nb3 Bf5 12. Qc1 Qa5 13. Nxa5 Nxa5 14. Bh6
Rfc8 15. Bxg7 Kxg7 16. g4 Nxg4 17. Bxg4 Bxg4 18. Qf4 Bxd1 19. Rxd1 Nc6 20. Nxe4
a5 21. Ng5 Rf8 22. Rd7 h6 23. Nf3 Rae8 24. Rxb7 e5 25. Qa4 Rd8 26. a3 Rd6 27.
Rc7 Nd4 28. Nxe5 Ne2 29. Rd7 Rb6 30. Qc4 Rxb2+ 31. Kxb2 Rb8+ 32. Ka1 1-0

[Event "18.Open Seefeld"]
[Site "Seefeld / Oesterreich"]
[Date "2007.09.04"]
[Round "4"]
[White "Duric, Rajko"]
[Black "Moes, Waldemar"]
[Result "0-1"]
[WhiteElo "1877"]
[BlackElo "2024"]
[PlyCount "91"]
[EventDate "2007.09.01"]
[EventType "swiss"]
[EventRounds "9"]
[EventCountry "AUT"]

1. e4 c5 2. Nc3 Nc6 3. f4 e6 4. Nf3 Nge7 5. Be2 d5 6. exd5 Nxd5 7. Nxd5 Qxd5 8.
O-O Be7 9. c3 O-O 10. Qa4 a6 11. d3 b5 12. Qe4 Rd8 13. Be3 Bb7 14. Qxd5 Rxd5
15. d4 cxd4 16. cxd4 Bf6 17. Rac1 Nxd4 18. Nxd4 Bxd4 19. Bxd4 Rxd4 20. Rc7 Bd5
21. b3 Rd2 22. Rfc1 g6 23. R1c2 Rxc2 24. Rxc2 b4 25. Kf2 Kg7 26. g4 Kf6 27. Bf3
Bxf3 28. Kxf3 Rd8 29. Ke4 Rd1 30. g5+ Kg7 31. Rf2 h6 32. Ke5 Rd5+ 33. Ke4 hxg5
34. fxg5 Rxg5 35. Kd4 Rd5+ 36. Ke4 f5+ 37. Ke3 g5 38. Rg2 Kf6 39. h4 gxh4 40.
Rg8 Ra5 41. Rg2 e5 42. Kd3 Rc5 43. Rg8 Rc1 44. Ra8 h3 45. Rxa6+ Kg5 46. Kd2 0-1

[Event "18.Open Seefeld"]
[Site "Seefeld / Oesterreich"]
[Date "2007.09.04"]
[Round "4"]
[White "Kreusch, Frank"]
[Black "Perkmann, Gottfried"]
[Result "1-0"]
[WhiteElo "2022"]
[BlackElo "1799"]
[PlyCount "109"]
[EventDate "2007.09.01"]
[EventType "swiss"]
[EventRounds "9"]
[EventCountry "AUT"]

1. e4 d6 2. d4 Nf6 3. Nc3 g6 4. Be3 Bg7 5. Bc4 O-O 6. Qd2 Ng4 7. Bg5 h6 8. Bh4
g5 9. Bg3 c5 10. d5 Nd7 11. h4 Nde5 12. Be2 gxh4 13. Rxh4 f5 14. f3 Nf6 15.
O-O-O Ng6 16. Rh1 f4 17. Bf2 a6 18. g3 b5 19. Nh3 Qa5 20. Nxf4 Nxf4 21. gxf4 b4
22. Nb1 Qxa2 23. Rdg1 Ng4 24. e5 Nxf2 25. Rh2 Nh3 26. Rg3 Nxf4 27. Rxh6 dxe5
28. Qe3 Qxd5 29. Nd2 Nxe2+ 30. Qxe2 Bf5 31. Qe3 Rad8 32. Rxg7+ Kxg7 33. Qg5+
Kf7 34. Qxf5+ Ke8 35. Qg6+ Kd7 36. Qxa6 Ra8 37. Qb5+ Kd8 38. Qb6+ Ke8 39. Rh7
Kd7 40. Qb5+ Kd8 41. Qb6+ Kd7 42. Qb5+ Ke6 43. Qb6+ Qd6 44. Qb7 Rab8 45. Qe4
Qd5 46. Rxe7+ Kd6 47. Rd7+ Kxd7 48. Qxd5+ Ke7 49. Qxe5+ Kf7 50. Ne4 Kg8 51.
Nf6+ Kf7 52. Nd7 Rbe8 53. Qf5+ Kg7 54. Nxf8 c4 55. Ne6+ 1-0

[Event "18.Open Seefeld"]
[Site "Seefeld / Oesterreich"]
[Date "2007.09.04"]
[Round "4"]
[White "Wittelsberger, Helmut"]
[Black "Berkemeier, Juergen"]
[Result "1-0"]
[WhiteElo "1996"]
[BlackElo "1917"]
[PlyCount "75"]
[EventDate "2007.09.01"]
[EventType "swiss"]
[EventRounds "9"]
[EventCountry "AUT"]

1. e4 c5 2. d4 e6 3. Nf3 cxd4 4. c3 d5 5. exd5 exd5 6. cxd4 Nf6 7. Nc3 Be7 8.
Bd3 O-O 9. O-O Bg4 10. h3 Bh5 11. Be3 Nc6 12. a3 Re8 13. Re1 Qd7 14. Be2 Bd6
15. Ne5 Nxe5 16. Bxh5 Nc4 17. Bf3 Nxe3 18. fxe3 Bc7 19. Qe2 Re7 20. Qf2 Rae8
21. Re2 Qd6 22. g4 a6 23. Rf1 h6 24. Nd1 Qe6 25. Qg2 Ne4 26. Bxe4 dxe4 27. Nc3
b6 28. Rf5 Qc4 29. Nd5 Rd7 30. Rc2 Qd3 31. Rxc7 Rxc7 32. Nxc7 Qxe3+ 33. Kh2 Rc8
34. Nd5 Qxd4 35. Ne7+ Kf8 36. Nxc8 e3 37. Qe2 g6 38. Rf3 1-0

[Event "18.Open Seefeld"]
[Site "Seefeld / Oesterreich"]
[Date "2007.09.04"]
[Round "4"]
[White "Egger, Herbert"]
[Black "Wiesbeck, Florian"]
[Result "0-1"]
[WhiteElo "1839"]
[BlackElo "1990"]
[PlyCount "76"]
[EventDate "2007.09.01"]
[EventType "swiss"]
[EventRounds "9"]
[EventCountry "AUT"]

1. e4 c5 2. Nf3 e6 3. Nc3 a6 4. d4 cxd4 5. Nxd4 d6 6. Be2 Be7 7. O-O Nf6 8. Nf3
Nc6 9. a3 Qc7 10. h3 O-O 11. Bg5 Re8 12. Bc4 b5 13. Ba2 Bb7 14. Re1 Rac8 15.
Bf4 Ne5 16. Rc1 Nc4 17. Bxc4 Qxc4 18. Qd3 d5 19. Qxc4 Rxc4 20. Nd2 Rcc8 21.
exd5 Nxd5 22. Nxd5 Bxd5 23. b3 Bxa3 24. Ra1 Bb4 25. Ra2 a5 26. Re2 a4 27. c4
axb3 28. cxd5 bxa2 29. Nb3 Ra8 30. Rc2 a1=Q+ 31. Nxa1 Rxa1+ 32. Kh2 exd5 33.
Rb2 Ra4 34. Be3 Bd6+ 35. g3 d4 36. Bd2 b4 37. Bc1 Rc8 38. Bf4 Bxf4 0-1

[Event "18.Open Seefeld"]
[Site "Seefeld / Oesterreich"]
[Date "2007.09.04"]
[Round "4"]
[White "Schultheisz, Egon"]
[Black "Georgiev, Georgi"]
[Result "0-1"]
[WhiteElo "1980"]
[BlackElo "1915"]
[PlyCount "94"]
[EventDate "2007.09.01"]
[EventType "swiss"]
[EventRounds "9"]
[EventCountry "AUT"]

1. e4 d5 2. exd5 Nf6 3. d4 Bg4 4. Be2 Bxe2 5. Nxe2 Qxd5 6. O-O e6 7. Bf4 Na6 8.
c3 c5 9. Qa4+ Qd7 10. Qxd7+ Nxd7 11. Be3 cxd4 12. Nxd4 Bc5 13. Nd2 Nf6 14. N2f3
O-O 15. Rad1 Rad8 16. Rfe1 Nd5 17. Kf1 Nxe3+ 18. Rxe3 Nc7 19. Red3 Bb6 20. c4
a5 21. a3 Na6 22. Nc2 a4 23. Ke2 Rc8 24. Nd2 Nc5 25. Rc3 Rfd8 26. Ne3 Ba5 27.
Rc2 Bb6 28. Nb1 Nb3 29. Rc3 f5 30. Rcd3 Rxd3 31. Kxd3 f4 32. Nc2 Rd8+ 33. Ke2
Rxd1 34. Kxd1 Bxf2 35. Nc3 Nc5 36. Ke2 Bg1 37. h3 e5 38. Kf3 Kf7 39. Ne2 Bh2
40. Nb4 e4+ 41. Kf2 Ke6 42. Nd5 Nd3+ 43. Kf1 Ke5 44. Nec3 Nxb2 45. Nb6 Kd4 46.
Ncxa4 Nxa4 47. Nxa4 Kxc4 0-1

[Event "18.Open Seefeld"]
[Site "Seefeld / Oesterreich"]
[Date "2007.09.04"]
[Round "4"]
[White "Titz, Waldemar"]
[Black "Werner, Bernd"]
[Result "1/2-1/2"]
[WhiteElo "1819"]
[BlackElo "1975"]
[PlyCount "55"]
[EventDate "2007.09.01"]
[EventType "swiss"]
[EventRounds "9"]
[EventCountry "AUT"]

1. e4 e6 2. d4 d5 3. Nd2 Nf6 4. e5 Nfd7 5. Bd3 c5 6. c3 Nc6 7. Ne2 f6 8. exf6
Nxf6 9. O-O cxd4 10. Nxd4 Nxd4 11. cxd4 Bd6 12. h3 O-O 13. Nf3 Bd7 14. Bd2 Rc8
15. Rc1 Qb6 16. Bc3 Bb8 17. Qe2 h6 18. Ne5 Bxe5 19. Qxe5 Nh7 20. Rfe1 Rf6 21.
Re2 Ng5 22. Rce1 Nf7 23. Qe3 Bb5 24. a3 Nd6 25. Bxb5 Qxb5 26. Bb4 Nf5 27. Qd2
Qd7 28. Bc3 1/2-1/2

[Event "18.Open Seefeld"]
[Site "Seefeld / Oesterreich"]
[Date "2007.09.04"]
[Round "4"]
[White "Safdar, Mahmood"]
[Black "Buchaeckert, Juergen"]
[Result "1/2-1/2"]
[WhiteElo "1660"]
[BlackElo "1964"]
[PlyCount "133"]
[EventDate "2007.09.01"]
[EventType "swiss"]
[EventRounds "9"]
[EventCountry "AUT"]

1. e4 d5 2. exd5 Qxd5 3. Nc3 Qa5 4. Nf3 Nf6 5. d4 c6 6. Bd2 Bf5 7. b4 Qc7 8.
Bc4 e6 9. O-O b5 10. Be2 Nbd7 11. a4 bxa4 12. Nxa4 Bd6 13. c4 O-O 14. c5 Bf4
15. g3 Bxd2 16. Qxd2 Rab8 17. Nh4 Be4 18. f3 Bd5 19. Bd3 Rfd8 20. Nc3 Rxb4 21.
Ne4 Bxe4 22. fxe4 Rxd4 23. Nf3 Nxc5 24. Nxd4 Rxd4 25. Qc3 Qd6 26. Rxa7 Ncd7 27.
Ra8+ Nf8 28. Bc2 Nxe4 29. Qf3 Nf6 30. Rc8 Rc4 31. Bb3 Qc5+ 32. Kg2 Rc3 33. Qd1
Qb4 34. Bc2 Ng4 35. Rxf8+ Qxf8 36. Bxh7+ Kxh7 37. Qxg4 Kg8 38. h4 Rc2+ 39. Kh3
Rc5 40. h5 Rd5 41. h6 g6 42. Qf4 Rf5 43. h7+ Kxh7 44. Qc1 Rxf1 45. Qxf1 Qh6+
46. Kg2 Qd2+ 47. Kh3 Kg8 48. Qf6 Qd5 49. Kh2 c5 50. Qb2 c4 51. Qb8+ Kg7 52.
Qb2+ Kh7 53. Qf6 Kg8 54. Qb2 Qd3 55. Qb8+ Kg7 56. Qe5+ Kh7 57. Qf6 Qf5 58. Qb2
Qh5+ 59. Kg2 e5 60. Kg1 e4 61. Qd4 Qf3 62. Qxc4 Qxg3+ 63. Kh1 Qf3+ 64. Kh2 e3
65. Qd3 Qf2+ 66. Kh1 e2 67. Qxg6+ 1/2-1/2

[Event "18.Open Seefeld"]
[Site "Seefeld / Oesterreich"]
[Date "2007.09.04"]
[Round "4"]
[White "Storkebaum, Ulrike"]
[Black "Grimm, Joachim"]
[Result "0-1"]
[WhiteElo "1963"]
[BlackElo "1618"]
[PlyCount "114"]
[EventDate "2007.09.01"]
[EventType "swiss"]
[EventRounds "9"]
[EventCountry "AUT"]

1. e4 e6 2. d4 d5 3. exd5 exd5 4. Nf3 Bg4 5. Bd3 Nf6 6. Bg5 Bd6 7. O-O O-O 8.
Nbd2 Nbd7 9. c3 c6 10. h3 Bh5 11. Qc2 Qc7 12. Rfe1 Rae8 13. b4 a6 14. a4 Rxe1+
15. Rxe1 Qc8 16. g4 Bg6 17. Bxg6 fxg6 18. Qd1 Re8 19. Kf1 h6 20. Bxf6 gxf6 21.
Nh4 Kf7 22. Qb1 Rxe1+ 23. Kxe1 Nf8 24. Nf1 Qe6+ 25. Ne3 Bf4 26. Qd3 Bxe3 27.
Qxe3 Qxe3+ 28. fxe3 Ne6 29. Nf3 h5 30. gxh5 gxh5 31. h4 Kg6 32. Kf2 Kf5 33. Nd2
Kg4 34. e4 Kxh4 35. exd5 cxd5 36. Nf1 Kg5 37. Ne3 Nc7 38. c4 dxc4 39. Nxc4 Nd5
40. b5 axb5 41. axb5 Kf4 42. Nd6 b6 43. Kg2 Kg4 44. Ne4 Kf4 45. Ng3 Ke3 46.
Nxh5 Kxd4 47. Kf3 Ke5 48. Ng3 Nc7 49. Ke3 Nxb5 50. Ne4 Nd6 51. Nf2 f5 52. Nd3+
Kd5 53. Nb4+ Kc4 54. Nc6 b5 55. Na5+ Kc3 56. Kf4 b4 57. Ke5 b3 0-1

[Event "18.Open Seefeld"]
[Site "Seefeld / Oesterreich"]
[Date "2007.09.04"]
[Round "4"]
[White "Walcher, Christian"]
[Black "Ranker, Klemens"]
[Result "1-0"]
[WhiteElo "1776"]
[BlackElo "1955"]
[PlyCount "99"]
[EventDate "2007.09.01"]
[EventType "swiss"]
[EventRounds "9"]
[EventCountry "AUT"]

1. e4 c5 2. Nf3 Nc6 3. d4 cxd4 4. Nxd4 d6 5. Nc3 g6 6. Be3 Bg7 7. Be2 Nf6 8. f3
Bd7 9. Nb3 Rc8 10. Nd5 O-O 11. c3 b6 12. Qd2 Ne5 13. Ba6 Rb8 14. O-O Bc8 15.
Bxc8 Rxc8 16. Bg5 Nc4 17. Qe2 e6 18. Nxf6+ Bxf6 19. Bxf6 Qxf6 20. Rad1 Rfe8 21.
Rd4 d5 22. Rfd1 Qg5 23. f4 Qxf4 24. exd5 Qe3+ 25. Qxe3 Nxe3 26. d6 Red8 27.
R1d3 Nf5 28. Ra4 Rd7 29. Nd2 Kg7 30. g4 Ne7 31. Nf3 f6 32. Re4 Kf7 33. Rf4 Nd5
34. Rxd5 exd5 35. Ne5+ Ke6 36. Nxd7 Kxd7 37. Rxf6 a5 38. Rf7+ Kxd6 39. Rxh7 Re8
40. Rh6 Rg8 41. Kf2 Ke5 42. h4 b5 43. Ke3 b4 44. h5 gxh5 45. Rxh5+ Kd6 46. g5
bxc3 47. bxc3 Kc5 48. Kf4 Kc4 49. Rh3 Re8 50. Rg3 1-0

[Event "18.Open Seefeld"]
[Site "Seefeld / Oesterreich"]
[Date "2007.09.04"]
[Round "4"]
[White "Becker, Joerg"]
[Black "Diakov, Georgi"]
[Result "1-0"]
[WhiteElo "1952"]
[BlackElo "1422"]
[PlyCount "65"]
[EventDate "2007.09.01"]
[EventType "swiss"]
[EventRounds "9"]
[EventCountry "AUT"]

1. d4 Nf6 2. c4 e6 3. Nc3 Bb4 4. f3 c5 5. dxc5 Bxc3+ 6. bxc3 Nc6 7. Qd6 Qe7 8.
e4 O-O 9. Be3 e5 10. Nh3 Qd8 11. Nf2 Ne8 12. Qd2 d6 13. Rd1 Qa5 14. cxd6 Nxd6
15. Qxd6 Rd8 16. Qc5 Qxc3+ 17. Bd2 Rxd2 18. Rxd2 Be6 19. Nd1 Qc1 20. Qb5 Bxc4
21. Qxc4 Qxc4 22. Bxc4 Nd4 23. O-O b5 24. Rxd4 exd4 25. Bxb5 Rc8 26. Nf2 Rb8
27. a4 Rb6 28. Rd1 Rd6 29. Bc4 a5 30. Bd5 Rb6 31. Rxd4 Rb4 32. Rxb4 axb4 33.
Nd3 1-0

[Event "18.Open Seefeld"]
[Site "Seefeld / Oesterreich"]
[Date "2007.09.04"]
[Round "4"]
[White "Bretscher, Robert"]
[Black "Handl, Hans"]
[Result "0-1"]
[WhiteElo "1656"]
[BlackElo "1599"]
[PlyCount "80"]
[EventDate "2007.09.01"]
[EventType "swiss"]
[EventRounds "9"]
[EventCountry "AUT"]

1. e4 e5 2. Nf3 Nc6 3. Bb5 Nge7 4. d3 a6 5. Ba4 b5 6. Bb3 h6 7. Nc3 Ng6 8. Nd5
Na5 9. O-O Nxb3 10. axb3 c6 11. Ne3 d6 12. Bd2 Be7 13. Ba5 Qd7 14. Nf5 Bf6 15.
Ng3 Rb8 16. Bd2 Qb7 17. h3 Be6 18. b4 Nf4 19. c3 Nxd3 20. Qc2 Nf4 21. Bxf4 exf4
22. Nh5 Be5 23. Nxe5 dxe5 24. Nxg7+ Ke7 25. Nxe6 fxe6 26. f3 Rhg8 27. Qf2 Rg3
28. Qc5+ Kf6 29. Kh1 Rbg8 30. Rg1 Qf7 31. Qf2 Qh5 32. Raf1 R8g5 33. Qd2 Qe8 34.
Rf2 Rh5 35. Qd1 Qe7 36. Rd2 Kg6 37. Re2 Qh4 38. Rf2 Rhg5 39. Re2 Kh5 40. Qd8
Rxh3+ 0-1

[Event "18.Open Seefeld"]
[Site "Seefeld / Oesterreich"]
[Date "2007.09.04"]
[Round "4"]
[White "Scheidt, Eugen"]
[Black "Masson, Wally"]
[Result "1-0"]
[WhiteElo "1981"]
[BlackElo "1290"]
[PlyCount "95"]
[EventDate "2007.09.01"]
[EventType "swiss"]
[EventRounds "9"]
[EventCountry "AUT"]

1. e4 b6 2. Nf3 Bb7 3. Nc3 d6 4. Bc4 Nf6 5. e5 Ne4 6. Nxe4 Bxe4 7. Bxf7+ Kxf7
8. Ng5+ Ke8 9. Nxe4 dxe5 10. Qh5+ g6 11. Qxe5 Bg7 12. Qxg7 Kd7 13. Qd4+ Kc8 14.
Qxd8+ Kxd8 15. Ng5 Kc8 16. b3 h5 17. Bb2 Rd8 18. Nf7 Rd5 19. Ne5 Kb7 20. Nxg6
Rg5 21. Nh4 Nd7 22. O-O-O Rf8 23. f3 Rf4 24. g3 Rf7 25. f4 Rc5 26. Rde1 a5 27.
Ba3 Rd5 28. Rxe7 Rf6 29. c4 Rc6 30. Kd1 Rd3 31. Ke2 Rd4 32. Nf3 Rcd6 33. Bxd6
Rxd6 34. d4 Ka6 35. d5 Kb7 36. Nd4 Nc5 37. Nb5 Rd7 38. Rxd7 Nxd7 39. Kf3 c6 40.
dxc6+ Kxc6 41. Rd1 Nb8 42. f5 Kc5 43. f6 Nc6 44. Rd5+ Kb4 45. f7 a4 46. f8=Q+
Ka5 47. Nc7+ b5 48. Rxb5# 1-0

[Event "18.Open Seefeld"]
[Site "Seefeld / Oesterreich"]
[Date "2007.09.04"]
[Round "4"]
[White "Platzgummer, Peter"]
[Black "Michel, Jan"]
[Result "1-0"]
[WhiteElo "1966"]
[BlackElo "1450"]
[PlyCount "87"]
[EventDate "2007.09.01"]
[EventType "swiss"]
[EventRounds "9"]
[EventCountry "AUT"]

1. e4 e5 2. Nf3 Nc6 3. d4 exd4 4. Nxd4 Bc5 5. Be3 Qf6 6. c3 a6 7. Bc4 Ne5 8.
Be2 Qg6 9. Bf3 Nf6 10. Nd2 Nd3+ 11. Ke2 Ne5 12. Qc2 d6 13. h3 Bxd4 14. cxd4 Nc6
15. Rac1 O-O 16. d5 Ne5 17. Qxc7 Bd7 18. Qxd6 Bb5+ 19. Kd1 Nd3 20. Rc2 Rfe8 21.
Qg3 Nb4 22. Qxg6 hxg6 23. Rc7 Nxa2 24. Kc2 Nb4+ 25. Kb3 a5 26. Bd4 Nd3 27. Rc3
Nb4 28. Rhc1 Na6 29. e5 a4+ 30. Ka3 Nh7 31. Ne4 Bd7 32. Nd6 Reb8 33. Bb6 Rf8
34. Ne4 Rfe8 35. Nc5 Nxc5 36. Rxc5 Ra6 37. Bc7 b6 38. R5c4 b5 39. Rc5 Ng5 40.
Bg4 Bxg4 41. hxg4 Ne4 42. d6 Nxc5 43. Rxc5 Raa8 44. d7 1-0

[Event "18.Open Seefeld"]
[Site "Seefeld / Oesterreich"]
[Date "2007.09.04"]
[Round "4"]
[White "Senn, Othmar"]
[Black "Bangert, Ruediger"]
[Result "0-1"]
[WhiteElo "1419"]
[BlackElo "1761"]
[PlyCount "96"]
[EventDate "2007.09.01"]
[EventType "swiss"]
[EventRounds "9"]
[EventCountry "AUT"]

1. d4 Nf6 2. Nf3 g6 3. c4 Bg7 4. Bg5 O-O 5. Nc3 d6 6. e4 c5 7. d5 Bg4 8. Be2
Qa5 9. Bd2 a6 10. Qc2 Bxf3 11. Bxf3 Nbd7 12. O-O Rab8 13. Be2 Qc7 14. b3 e6 15.
Rae1 exd5 16. exd5 Rbe8 17. Bd1 Rxe1 18. Rxe1 Ne5 19. f4 Ned7 20. g4 Re8 21.
Rxe8+ Nxe8 22. g5 f6 23. Qe4 Qd8 24. h4 f5 25. Qe6+ Kh8 26. h5 Nf8 27. Qe1 h6
28. Na4 b6 29. hxg6 hxg5 30. fxg5 Be5 31. Qh4+ Kg8 32. Bh5 Ng7 33. Bc3 Qe7 34.
Bd2 b5 35. Nc3 Bxc3 36. Bxc3 Qe3+ 37. Kf1 Qxc3 38. cxb5 axb5 39. Be2 b4 40. Qf4
Qe5 41. Qxe5 dxe5 42. Bc4 Nd7 43. Bb5 Nb6 44. d6 Ne6 45. Be8 Kg7 46. Ke2 Nf8
47. Kf3 Ne6 48. Bf7 Nxg5+ 0-1

[Event "18.Open Seefeld"]
[Site "Seefeld / Oesterreich"]
[Date "2007.09.04"]
[Round "4"]
[White "Loew, Bernd"]
[Black "Breedveld, Carmen"]
[Result "1-0"]
[WhiteElo "1601"]
[BlackElo "1289"]
[PlyCount "109"]
[EventDate "2007.09.01"]
[EventType "swiss"]
[EventRounds "9"]
[EventCountry "AUT"]

1. e4 b6 2. d4 Bb7 3. Bd3 Nf6 4. Qe2 g6 5. Nf3 d6 6. O-O Bg7 7. Bg5 Nbd7 8. c4
e5 9. dxe5 Nxe5 10. Nxe5 dxe5 11. Nc3 h6 12. Bh4 O-O 13. Rad1 c5 14. Nd5 g5 15.
Bg3 Re8 16. Bb1 Kh8 17. h3 Qc8 18. Rd3 Qc6 19. Rfd1 Rad8 20. Nxf6 Bxf6 21. Rxd8
Bxd8 22. Qg4 Bc7 23. Rd7 Bc8 24. Rxc7 Qxc7 25. Qh5 Kg7 26. Qe2 f6 27. b3 Kg6
28. Bc2 h5 29. Bd1 g4 30. f3 f5 31. exf5+ Bxf5 32. hxg4 hxg4 33. fxg4 Bc8 34.
Qe4+ Kg7 35. Bc2 Kf8 36. Bf2 Bb7 37. Qg6 Re7 38. Be3 Qd7 39. Bh6+ Rg7 40. Bxg7+
Qxg7 41. Qf5+ Kg8 42. Qe6+ Kf8 43. Qd6+ Kg8 44. Qb8+ Kf7 45. Qxb7+ Kf6 46.
Qxg7+ Kxg7 47. Kf2 Kf6 48. Kf3 Kg5 49. Bf5 Kf6 50. Ke4 a6 51. Kd5 a5 52. Kc6 e4
53. Bxe4 Ke5 54. Bf3 Kf4 55. Kxb6 1-0

[Event "18.Open Seefeld"]
[Site "Seefeld / Oesterreich"]
[Date "2007.09.04"]
[Round "4"]
[White "Ewanno, Georg"]
[Black "Verwer, Renzo"]
[Result "1-0"]
[WhiteElo "1250"]
[BlackElo "1600"]
[PlyCount "89"]
[EventDate "2007.09.01"]
[EventType "swiss"]
[EventRounds "9"]
[EventCountry "AUT"]

1. f4 d5 2. Nf3 c5 3. b3 Nf6 4. e3 g6 5. Bb5+ Nc6 6. Bb2 Bg7 7. d3 O-O 8. O-O
Ng4 9. Qc1 Bxb2 10. Qxb2 Nxe3 11. Re1 Nf5 12. Bxc6 bxc6 13. Nbd2 e6 14. Qc1 h5
15. Re2 Qf6 16. Qe1 Bb7 17. Rb1 Nd4 18. Nxd4 Qxd4+ 19. Rf2 h4 20. Kh1 h3 21. g3
Rab8 22. Nf3 Qf6 23. Ng5 c4 24. Qf1 Kg7 25. Nf3 d4 26. Kg1 c5 27. Ne5 Qe7 28.
dxc4 Bg2 29. Qe1 Qd6 30. Rd1 f6 31. Nd3 Rfe8 32. Qa5 Rbc8 33. a4 e5 34. fxe5
fxe5 35. Qxa7+ Re7 36. Qa5 e4 37. Nf4 e3 38. Rxg2 hxg2 39. Qe1 Qc6 40. Qe2 Rf8
41. Qg4 Rf5 42. Re1 Qe4 43. Qxg6+ Kh8 44. Qg4 Ref7 45. Ng6+ 1-0

[Event "18.Open Seefeld"]
[Site "Seefeld / Oesterreich"]
[Date "2007.09.05"]
[Round "5"]
[White "Pitl, Gregory"]
[Black "Bayer, Bernhard"]
[Result "1-0"]
[WhiteElo "2387"]
[BlackElo "2356"]
[PlyCount "29"]
[EventDate "2007.09.01"]
[EventType "swiss"]
[EventRounds "9"]
[EventCountry "AUT"]

1. d4 d6 2. e4 Nf6 3. Nc3 g6 4. f4 Bg7 5. Nf3 c5 6. dxc5 Qa5 7. Qd4 O-O 8. cxd6
Nxe4 9. Qxe4 Bxc3+ 10. bxc3 Qxc3+ 11. Kf2 Qxa1 12. dxe7 Re8 13. Bc4 Nc6 14.
Bxf7+ Kxf7 15. Qc4+ 1-0

[Event "18.Open Seefeld"]
[Site "Seefeld / Oesterreich"]
[Date "2007.09.05"]
[Round "5"]
[White "Kesik, Klaus-Dieter"]
[Black "Thoeny, Hermann"]
[Result "0-1"]
[WhiteElo "2332"]
[BlackElo "2123"]
[PlyCount "52"]
[EventDate "2007.09.01"]
[EventType "swiss"]
[EventRounds "9"]
[EventCountry "AUT"]

1. d4 d5 2. c4 e6 3. Nc3 c5 4. cxd5 exd5 5. e3 Nf6 6. Bb5+ Nc6 7. Nf3 Bd6 8.
dxc5 Bxc5 9. O-O O-O 10. Qc2 Qe7 11. Rd1 Rd8 12. a3 Bg4 13. Be2 Rac8 14. b4 Bb6
15. Bb2 d4 16. Na4 dxe3 17. Nxb6 exf2+ 18. Kxf2 axb6 19. Rxd8+ Rxd8 20. Rd1 Nd5
21. Qb3 Re8 22. Re1 Bxf3 23. Qxf3 Nd4 24. Qxd5 Qe3+ 25. Kf1 Nxe2 26. Be5 Rxe5
0-1